000 01376nam a22002897a 4500
005 20090116164554.0
008 090116t xxu||||| |||| 00| 0 hin d
010 _aHIN-92595
020 _c380.00
_a9788126320028
035 _aHN-64941
037 _bDBAD / PUB
040 _aDPL
_bHN
082 _a
100 _927526
_aकपिला, मधुर
245 _aसामने का आसमान /
_cमधुर कपिला
246 _aSamne ka aasman
_bby Madhur Kapila
260 _aनई दिल्ली
_bभारतीय ज्ञानपीठ
_c2010
270 _bनई दिल्ली
_a18, इन्स्टीटयूशनल एरिया, लोदी रोड
_e110003
300 _a378पृ.
_c22सेमी (सजिल्द)
490 _aलोकोदय ग्रंथमालाःग्रन्थांक 1055 / रवीन्द्र कालिया द्वारा संपादित
_927794
650 _91169
_aहिन्दी कथा साहित्य
650 _91170
_aHindi Novel
700 _927533
_aकालिया, रवीन्द्र
700 _927547
942 _2ddc
_cHN
_mकपिला
_h
999 _c52166
_d52166